| 000 | 00497nam a2200181 4500 | ||
|---|---|---|---|
| 003 | SEACOMEC | ||
| 005 | 20250808161604.0 | ||
| 008 | 250808b |||||||| |||| 00| 0 eng d | ||
| 020 |
_a8177229990 _c349 |
||
| 040 | _aSEACOMEC | ||
| 082 |
_a621.3 _bG137B |
||
| 100 | _aGaikwad Sunil T. | ||
| 245 |
_aBasic Electrical Engineering _cSunil T. Gaikwad |
||
| 260 |
_aNew Delhi _bdreamtech _c2009 |
||
| 650 | _aElectrical & Electronic Engineering | ||
| 650 | _aEngineering & Technology | ||
| 942 | _cBOOK | ||
| 999 |
_c2383 _d2383 |
||